| 000 | 00704cpcaa2200217 a 4500 | ||
|---|---|---|---|
| 001 | mm 79002557 | ||
| 003 | DLC | ||
| 005 | 20260227111640.0 | ||
| 008 | 790712|||||||||||| eng | ||
| 010 | _amm 79002557 | ||
| 040 |
_aDLC _edacs _cDLC _dDLC |
||
| 072 | 7 |
_aL _2lcmd |
|
| 100 | 1 |
_aJohnson, Edward, _dactive 1844. |
|
| 245 | 0 | 0 |
_aEdward Johnson correspondence, _f1844. |
| 300 |
_a1 _fitem. |
||
| 506 | 0 | _aOpen to research. | |
| 546 | _aCollection material in English. | ||
| 580 | _aForms part of: Miscellaneous Manuscripts collection. | ||
| 999 |
_c41115 _d41115 |
||